LEADER 04167oam 2200505M 450 001 9910511334103321 005 20190225021438.0 010 $a1-351-32019-X 010 $a1-351-32020-3 010 $a1-351-32018-1 035 $a(CKB)1000000000726790 035 $a(MiAaPQ)EBC5265653 035 $a(OCoLC)1004027198 035 $a(OCoLC-P)1004027198 035 $a(FlBoTFG)9781351320191 035 $a(EXLCZ)991000000000726790 100 $a20170915d2017 uy 0 101 0 $aeng 135 $aurcn||||||||| 181 $2rdacontent 182 $2rdamedia 183 $2rdacarrier 200 10$aCrisis in Sociology $ethe Need for Darwin /$fJoseph Lopreato 205 $aFirst edition. 210 1$aLondon :$cTaylor and Francis,$d2017. 215 $a1 online resource (278 pages) 311 $a1-138-52155-8 311 $a0-7658-0874-9 320 $aIncludes bibliographical references and indexes. 327 $tPart, 1 From Early Promise to Deepening Crisis /$rJoseph Lopreato Timothy Crippen --$tchapter 1 The Early Promise /$rJoseph Lopreato Timothy Crippen --$tchapter 2 The Deepening Crisis /$rJoseph Lopreato Timothy Crippen --$tchapter 3 Why the Crisis: A Sketch /$rJoseph Lopreato Timothy Crippen --$tpart, 2 Elements of Evolutionary Theory /$rJoseph Lopreato Timothy Crippen --$tchapter 4 Darwin's Theory of Natural Selection /$rJoseph Lopreato Timothy Crippen --$tchapter 5 Elements of Evolutionary Behavioral Science /$rJoseph Lopreato Timothy Crippen --$tpart, 3 Select Adaptations and Applications /$rJoseph Lopreato Timothy Crippen --$tchapter 6 Fundamentals of Sex Differences /$rJoseph Lopreato Timothy Crippen --$tchapter 7 An Uneasy Alliance /$rJoseph Lopreato Timothy Crippen --$tchapter 8 Fundamentals of Social Stratification /$rJoseph Lopreato Timothy Crippen --$tchapter 9 The Clannish Brain /$rJoseph Lopreato Timothy Crippen. 330 2 $a"Crisis in Sociology presents a compelling portrait of sociology's current troubles and proposes a controversial remedy. In the authors' view, sociology's crisis has deep roots, traceable to the over-ambitious sweep of the discipline's founders. Generations of sociologists have failed to focus effectively on the tasks necessary to build a social science. The authors see sociology's most disabling flaw in the failure to discover even a single general law or principle. This makes it impossible to systematically organize empirical observations, guide inquiry by suggesting falsifiable hypotheses, or form the core of a genuinely cumulative body of knowledge. Absent such a theoretical tool, sociology can aspire to little more than an amorphous mass of hunches and disconnected facts. The condition engenders confusion and unproductive debate. It invites fragmentation and predation by applied social disciplines, such as business administration, criminal justice, social work, and urban studies. Even more dangerous are incursions by prestigious social sciences and by branches of evolutionary biology that constitute the frontier of the current revolution in behavioral science. Lopreato and Crippen argue that unless sociology takes into account central developments in evolutionary science, it will not survive as an academic discipline. Crisis in Sociology argues that participation in the "new social science," exemplified by thriving new fields such as evolutionary psychology, will help to build a vigorous, scientific sociology. The authors analyze research on such subjects as sex roles, social stratification, and ethnic conflict, showing how otherwise disconnected features of the sociological landscape can in fact contribute to a theoretically coherent and cumulative body of knowledge."--Provided by publisher. 606 $aSociology$xResearch 606 $aSocial Darwinism 608 $aElectronic books. 615 0$aSociology$xResearch. 615 0$aSocial Darwinism. 676 $a301/.07/2 700 $aLopreato$b Joseph$0124923 701 $aCrippen$b Timothy$01066680 801 0$bOCoLC-P 801 1$bOCoLC-P 906 $aBOOK 912 $a9910511334103321 996 $aCrisis in Sociology$92549753 997 $aUNINA LEADER 03095oam 2200637zu 450 001 9910131787603321 005 20210807004839.0 010 $a9782753526860 010 $a2753526869 010 $a9782821818040 010 $a2821818041 024 7 $a10.4000/books.pur.1802 035 $a(CKB)3460000000122251 035 $a(SSID)ssj0001537370 035 $a(PQKBManifestationID)11876249 035 $a(PQKBTitleCode)TC0001537370 035 $a(PQKBWorkID)11518249 035 $a(PQKB)10636694 035 $a(WaSeSS)IndRDA00044667 035 $z(PPN)18283929X 035 $a(FrMaCLE)OB-pur-1802 035 $a(oapen)https://directory.doabooks.org/handle/20.500.12854/47599 035 $a(PPN)267953631 035 $a(FR-PaCSA)88927300 035 $a(FRCYB88927300)88927300 035 $a(oapen)doab47599 035 $a(EXLCZ)993460000000122251 100 $a20160829d2001 uy 101 0 $afre 135 $aur||||||||||| 181 $ctxt 182 $cc 183 $acr 200 10$aFigures de l'écrivain dans le cinéma américain : itinéraires de la "voix baladeuse" 210 $cPresses universitaires de Rennes$d2001 210 31$a[Place of publication not identified]$cPresses universitaires de Rennes$d2001 215 $a1 online resource (298 pages) 225 1 $aSpectaculaire 300 $aBibliographic Level Mode of Issuance: Monograph 311 08$a9782868476180 311 08$a286847618X 320 $aIncludes bibliographical references and index. 330 $aL?écrivain-personnage est un pôle d?attraction tant pour le cinéaste que pour le spectateur : Hollywood a produit plus de 250 films traitant d?écrivains. Mais pourquoi reviennent-ils donc si souvent dans le cinéma américain ? Trudy Bolter, Américaine, maître de conférences en culture nord-américaine à l?Institut d?études politiques de Bordeaux (université Montesquieu Bordeaux 4), analyse une vingtaine de « writer-films » pour expliquer le pouvoir de la figure de l?écrivain sur la scène culturelle des États-Unis. À travers la mise en spectacle de l?écrivain-personnage, oscillant entre sanctification et déchéance, le spectateur qui « réécrit » l?histoire du film met en marche sa « voix baladeuse », se reconnaissant dans le personnage. Grâce à l?étude de l?histoire culturelle des États-Unis et à l?analyse textuelle, guidée par la psychologie cognitive bordwellienne et le formalisme russe eichenbaumien, Trudy Bolter décrit et définit la « voix baladeuse » où s?exprime l?envie d?écrire présente chez le spectateur. 410 0$aCollection "Le spectaculaire" 606 $aMusic, Dance, Drama & Film$2HILCC 606 $aFilm$2HILCC 610 $aHollywood 610 $acinéma 615 7$aMusic, Dance, Drama & Film 615 7$aFilm 700 $aBolter$b Trudy$0967804 801 0$bPQKB 906 $aBOOK 912 $a9910131787603321 996 $aFigures de l'écrivain dans le cinéma américain : itinéraires de la "voix baladeuse"$92197930 997 $aUNINA